000 00438nam a22001697a 4500
005 20241202140255.0
008 241202b |||||||| |||| 00| 0 eng d
020 _a9789392019005
041 _aEng
082 _21
_a610.73
100 _aJain Nkit
_9209146
245 _aHuman Anatomy Practice Workbook For Nurses
260 _aJaipur
_bBookera
_c2022-23
300 _a112 Pg.
650 _aAnatomy & Physiology
_9209147
942 _cDB
999 _c362255
_d362255